| 000 | 00768cad a22002055a 4500 | ||
|---|---|---|---|
| 001 | L153063 | ||
| 008 | 110601s2010 xxkad f s 000 0 eng d | ||
| 035 | _a(Sirsi) u153063 | ||
| 041 | 0 | _aeng | |
| 110 | 2 |
_aGVA Grimley _93646 |
|
| 245 | 0 | 0 |
_a2010 Part L building regulations _h[electronic resource] |
| 260 |
_aLondon _bGVA Grimley _c2010 |
||
| 520 | _aOverview of the 2010 Part L Building Regulations which are the next step in the government's plans for 'zero carbon' buildings. | ||
| 590 | _aKA | ||
| 651 | 4 |
_aUnited Kingdom _y |
|
| 690 | _aBUILDING REGULATIONS APPROVED DOCUMENTS 2010 | ||
| 690 |
_aBuilding regulations _96224 |
||
| 856 | 4 | 0 |
_uhttps://www.gva.co.uk/research/sustainability/ _zView this report free of charge at www.gvagrimley.co.uk |
| 942 | _n0 | ||
| 999 |
_c112352 _d112352 |
||